| 000 | 01330cam a2200325 a 4500 | ||
|---|---|---|---|
| 001 | 12014128 | ||
| 003 | OSt | ||
| 005 | 20160310160155.0 | ||
| 008 | 000519s2001 txuab b 001 0 eng | ||
| 010 | _a 00104765 | ||
| 020 | _a0155068660 | ||
| 040 |
_aDLC _cDLC _dDLC |
||
| 050 | 0 | 0 |
_aJF51 _b.M445 2001 |
| 082 | 0 | 0 |
_a320 _221 _bMcC 2001 |
| 100 | 1 |
_aMcCormick, John, _d1954- _97294 |
|
| 245 | 1 | 0 |
_aComparative politics in transition / _cJohn McCormick. |
| 250 | _a3rd ed. | ||
| 260 |
_aFort Worth : _bHarcourt College Publishers, _c2001. |
||
| 300 |
_axvii, 526 p. : _bill., maps ; _c23 cm. |
||
| 440 | 0 |
_aNew horizons in comparative politics _97295 |
|
| 504 | _aIncludes bibliographical references (p. 499-513) and indexes. | ||
| 650 | 0 |
_aComparative government. _97296 |
|
| 856 | 4 | 2 |
_3Contributor biographical information _uhttp://www.loc.gov/catdir/enhancements/fy1514/00104765-b.html |
| 856 | 4 | 2 |
_3Publisher description _uhttp://www.loc.gov/catdir/enhancements/fy1514/00104765-d.html |
| 856 | 4 | 1 |
_3Table of contents only _uhttp://www.loc.gov/catdir/enhancements/fy1514/00104765-t.html |
| 906 |
_a7 _bcbc _corigcop _d2 _encip _f20 _gy-gencatlg |
||
| 942 |
_2ddc _cSLOAN |
||
| 999 |
_c3240 _d3240 |
||